| 000 | 00343nam a22001457a 4500 | ||
|---|---|---|---|
| 008 | 230324b ||||| |||| 00| 0 eng d | ||
| 020 | _a9781589011991 | ||
| 041 | _aeng | ||
| 080 |
_2EIGHTH EDITION _a37 |
||
| 082 | _a37CAR | ||
| 100 | _a22 | ||
| 101 | _aEDUKIM | ||
| 245 |
_aCAREERS IN INTERNATIONAL AFFAIRS _cCARLAND P.M |
||
| 942 |
_2udc _cBK |
||
| 999 |
_c59436 _d59436 |
||